Tài chính doanh nghiệp

Guardado en:
Detalles Bibliográficos
Autor principal: Lưu Thị Hương
Formato: Libro
Lenguaje:Undetermined
Publicado: H. Lao Động 2003
Materias:
Etiquetas: Agregar Etiqueta
Sin Etiquetas, Sea el primero en etiquetar este registro!
Thư viện lưu trữ: Trung tâm Học liệu Trường Đại học Cần Thơ
LEADER 00592nam a2200205Ia 4500
001 CTU_58786
008 210402s9999 xx 000 0 und d
020 |b 25000 
082 |a 658.1511 
082 |b H561 
100 |a Lưu Thị Hương 
245 0 |a Tài chính doanh nghiệp 
245 0 |c Lưu Thị Hương và Vũ Duy Hào 
260 |a H. 
260 |b Lao Động 
260 |c 2003 
650 |a business enterprises,industrial management,accounting enterprises 
650 |x finance 
904 |i Minh 
980 |a Trung tâm Học liệu Trường Đại học Cần Thơ